00755nam a22002177a 450000500170000001000140001702000270003103500130005803700130007108200150008410000240009924500540012325000130017726000420019027000730023230000280030550000190033394200380035299900170039095201300040720100726153754.0 aENG-96895 a9788175348608c1295.00 aEN-80428 bDBAD/PUB a345.406435 aKatiyar, B.B.91551 aLaw of easements and licences /cby B.B. Katiyar a13th ed. aDelhibUniversal Law Publishingc2010 aC-FF-1A, Diskhush Industrial Estate,G.T. Karnal Road,bDelhie110033 aclx, 1091p.c25cm, (Hb) aincludes index 2ddccENe13th edh345.406435mKAT c37776d37776 001040718NFICaDBADbDBADd2010-07-26eDBAD/PUBg1295.00l0o345.406435 KATpEN-80428r2010-07-26 00:00:00t1v1295.00yEN